000 00252nam a2200097Ia 4500
008 170627s9999 xx 000 0 und d
100 _aLYNTON-ROLF P. AND PAREEK UDAI
245 0 _aTRAINING FOR ORGANIZATIONAL TRASNSFORMATION
260 _bSAGE
260 _c2006
546 _aENGLISH
999 _c35678
_d35678